|
|
|
|
| LEADER |
00000nas a22000001a 4500 |
| 001 |
vtls010302273 |
| 003 |
SK-MaSNL |
| 005 |
20260228163421.0 |
| 008 |
110810d19531953xo er p r 0 b0slo |
| 015 |
|
|
|a SNBDS17XX9999
|
| 015 |
|
|
|a 1527
|2 Balúnová 1945-60
|
| 038 |
|
|
|a SNKBUDS
|
| 040 |
|
|
|a SNK
|b slo
|c SNK
|e AACR2
|
| 041 |
0 |
|
|a slo
|
| 044 |
|
|
|a xo
|c SK
|
| 080 |
|
|
|a 69
|2 2001
|
| 080 |
|
|
|a 070.486
|2 2001
|
| 245 |
0 |
0 |
|a Stavohmoty
|b časopis Povereníctva stavebných hmôt
|
| 260 |
|
|
|a Bratislava
|b Povereníctvo stavebných hmôt v Bratislave
|c 1953
|
| 300 |
|
|
|a 3 čís.
|c 30 x 21 cm
|
| 310 |
|
|
|a 1x za 2 týždne
|b 1953
|
| 362 |
1 |
|
|a Prvé číslo 15. júna 1953. Čas. zanikol č. 2-3 (20. júla 1953)
|z Citované z: Bibliografia nov. a čas. vych. na Slov. v r. 1945-60 / M. Balúnová
|
| 500 |
|
|
|a Vych. v Bratislave dvojtýždenne
|
| 500 |
|
|
|a Red. red. rada a ved. red. Andrej Bálint
|
| 500 |
|
|
|a Vyd. Povereníctvo stavebných hmôt v Bratislave
|
| 500 |
|
|
|a Tlač. Služba, komunálny podnik ÚNV, závod Tempo, Bratislava, rozmnož. rotaprintom
|
| 500 |
|
|
|a Prvé číslo 15. júna 1953, zanikol číslom 2-3 (20. júla 1953)
|
| 505 |
8 |
0 |
|g Roč. I. 1953 3 č. po 6-12 s.
|
| 650 |
0 |
7 |
|a stavebníctvo
|2 SNKPH
|9 726
|
| 655 |
|
7 |
|a odborné časopisy
|2 SNKBUDS
|9 70505
|
| 700 |
1 |
|
|a Bálint, Andrej
|4 pbd
|9 273950
|
| 710 |
1 |
|
|a Slovensko (Československo).
|b Povereníctvo stavebných hmôt
|9 273951
|
| 710 |
2 |
|
|a Služba, komunálny podnik ÚNV Bratislava
|b závod Tempo
|e tlač.
|9 273848
|
| 852 |
|
|
|a SNK
|b 10000
|h ČSB 1085
|
| 852 |
|
|
|a SVKKK
|b 900000
|h C 2987
|
| 999 |
|
|
|c 9388
|d 11318
|